Statistics for Countries with same initial as Continent

Click here to take the quiz!

General Stats

  • This quiz has been taken 260 times
  • The average score is 7 of 8

Answer Stats

Country % Correct
Estonia
93%
Suriname
90%
Angola
89%
Algeria
89%
Azerbaijan
89%
Nicaragua
87%
Armenia
87%
Afghanistan
81%

Score Distribution

Percentile by Number Answered

Percent of People with Each Score

Your Score History

You have not taken this quiz